Statistiques concernant Sondage - pâtes avec quoi ?

Cliquez ici pour prendre le quiz!

Statistiques générales

  • Ce quiz a été pris 223 fois
  • Le résultat moyen est 4 sur 8

Statistiques - réponses

Vous préférez :Lettre% Correct
A=pâtes à la carbonaraA
74%
B=pâtes bolognaiseB
56%
E=pâtes avec du pestoE
43%
C=pâtes natureC
40%
D=pâtes au fromageD
40%
F=pâtes sauce champignonF
38%
G=pâtes sauce tomateG
38%
H=autreH
36%

Distribution des résultats

Percentile par nombre de réponses

% des personnes avec chaque résultat

Votre développement - résultats

Vous n’avez pas pris ce quiz